header

Technology as translation strategy (Record no. 122652)

MARC details
000 -LEADER
fixed length control field 01640nam a2200361 a 4500
245 00 - TITLE STATEMENT
Title Technology as translation strategy
260 ## - PUBLICATION, DISTRIBUTION, ETC. (IMPRINT)
Place of publication Amsterdam :
Name of publisher John Benjamins Pub. Co.,
Year of publication 2008.
300 ## - PHYSICAL DESCRIPTION
Number of Pages 248 p. :
Other physical details ill.
490 1# - SERIES STATEMENT
Series statement American Translators Association scholarly monograph series ;
500 ## - GENERAL NOTE
General note Originally published: Binghamton [N.Y.] : University Center at Binghampton (SUNY), 1988.
505 0# - FORMATTED CONTENTS NOTE
Formatted contents note section 1. The translator and-- word processing -- section 2. The translator and-- the lexical data base -- section 3. The translator and-- machine translation.
650 #0 - SUBJECT ADDED ENTRY--TOPICAL TERM
Topical Term Translating and interpreting.
Topical Term Machine translating.
Topical Term Word processing.
700 1# - ADDED ENTRY--PERSONAL NAME
Personal name Vasconcellos, Muriel.
856 40 - ELECTRONIC LOCATION AND ACCESS
Uniform Resource Identifier http://site.ebrary.com/lib/rucke/Doc?id=10457009

No items available.

© 2026 Rongo University
Contact us: librarian | system librarian | Rongo university